That's all folks! : (Record no. 511)

MARC details
000 -LEADER
fixed length control field 00934pam a2200301 a 4500
005 - DATE AND TIME OF LATEST TRANSACTION
control field 20260322212023.0
008 - FIXED-LENGTH DATA ELEMENTS--GENERAL INFORMATION
fixed length control field data
010 ## - LIBRARY OF CONGRESS CONTROL NUMBER
LC control number 88081823
020 ## - INTERNATIONAL STANDARD BOOK NUMBER
International Standard Book Number 0805008896
020 ## - INTERNATIONAL STANDARD BOOK NUMBER
International Standard Book Number 9780805008890
040 ## - CATALOGING SOURCE
Original cataloging agency DLC
Transcribing agency DLC
Modifying agency DLC
043 ## - GEOGRAPHIC AREA CODE
Geographic area code n-us-ca
050 00 - LIBRARY OF CONGRESS CALL NUMBER
Classification number NC1766.U52
Item number W3737 1988
082 00 - DEWEY DECIMAL CLASSIFICATION NUMBER
Classification number 741.5/8/0979493
Edition information 19
092 ## - LOCALLY ASSIGNED DEWEY CALL NUMBER (OCLC)
Classification number 741.5 W3737 1988
001 - CONTROL NUMBER
control field data
100 1# - MAIN ENTRY--PERSONAL NAME
Personal name Schneider, Steve.
245 10 - TITLE STATEMENT
Title That's all folks! :
Remainder of title the art of Warner Bros. animation /
Statement of responsibility, etc. Steve Schneider.
250 ## - EDITION STATEMENT
Edition statement 1st ed.
260 ## - PUBLICATION, DISTRIBUTION, ETC.
Place of publication, distribution, etc. New York :
Name of publisher, distributor, etc. H. Holt,
Date of publication, distribution, etc. c1988.
300 ## - PHYSICAL DESCRIPTION
Extent 252 p. :
Other physical details ill. (some col.) ;
Dimensions 32 cm.
500 ## - GENERAL NOTE
General note "A Donald Hutter book."
504 ## - BIBLIOGRAPHY, ETC. NOTE
Bibliography, etc. note Filmography: p. 240-252.
610 20 - SUBJECT ADDED ENTRY--CORPORATE NAME
Corporate name or jurisdiction name as entry element Warner Bros. Cartoons.
650 #0 - SUBJECT ADDED ENTRY--TOPICAL TERM
Topical term or geographic name entry element Animated films
Geographic subdivision United States
General subdivision History and criticism.
906 ## - LOCAL DATA ELEMENT F, LDF (RLIN)
a 7
b cbc
c orignew
d 1
e opcn
f 19
g y-gencatlg
991 ## -
-- c-GenColl
-- NC1766.U52
-- W3737 1988
-- 00002852159
-- Copy 1
-- BOOKS
Holdings
Withdrawn status Lost status Damaged status Not for loan Home library Current library Shelving location Date acquired Total checkouts Full call number Barcode Date last seen Price effective from Koha item type
        Centerville Centerville General stacks 22/03/2026   741.5/8/0979493 19 BC0010523 22/03/2026 22/03/2026 Books